V Annual Conference on Current Foreign Languages Teaching Issues in Higher Education Conference Proceedings of the International Scientific and Practical Conference, 17 May 2023, Kyiv

Guardado en:
Detalles Bibliográficos
Autor Corporativo: Annual Conference on Current Foreign Languages Teaching Issues in Higher Education. International Scientific and Practical Conference
Formato: Libro
Lenguaje:inglés
ucraniano
Publicado: Kyiv National Technical University of Ukraine, Igor Sikorsky Kyiv Polytechnic Institute 2023
Edición:1st Edition
Materias:
Etiquetas: Agregar Etiqueta
Sin Etiquetas, Sea el primero en etiquetar este registro!

MARC

LEADER 00000nam a2200000 4500
001 0294193
005 20240416114208.7
022 |a 78112 
041 0 |a eng 
041 0 |a ukr 
044 |a UA 
245 1 0 |a V Annual Conference on Current Foreign Languages Teaching Issues in Higher Education  |b Conference Proceedings of the International Scientific and Practical Conference, 17 May 2023, Kyiv 
250 |a 1st Edition 
264 1 |a Kyiv  |b National Technical University of Ukraine, Igor Sikorsky Kyiv Polytechnic Institute  |c 2023 
300 |a 216 s. 
610 2 0 |a jazyky cudzie 
610 2 0 |a jazyk odborný 
610 2 0 |a vzdelávanie celoživotné 
610 2 0 |a vzdelávanie ďalšie 
610 2 0 |a komunikácia interkultúrna 
110 2 |a Annual Conference on Current Foreign Languages Teaching Issues in Higher Education. International Scientific and Practical Conference